| 000 | 00565nam a2200217 a 4500 | ||
|---|---|---|---|
| 001 | BRCA_7743 | ||
| 005 | 20190320205955.0 | ||
| 008 | 060913s1955----uk-#######---#000-0#eng-# | ||
| 041 | _aeng | ||
| 044 | _aUk | ||
| 050 | 4 |
_aPS370 _b.H46 1955 |
|
| 100 | 1 |
_aHemingway, Ernest _919161 |
|
| 245 | 1 | 0 |
_aTo have and have not _cErnest Hemingway. |
| 260 |
_aGran BretaƱa _bPenguin _c1955 |
||
| 300 |
_a206 p. _c18 cm. |
||
| 440 | 0 |
_aPenguin Books _v1065 _919162 |
|
| 500 | _aU92 | ||
| 650 | 1 | 4 |
_aLiteratura estadounidense _vNovela _919163 |
| 902 | _aGFM | ||
| 942 |
_2lcc _cB |
||
| 999 |
_c7417 _d7417 |
||